Catálogo histórico-descriptivo de la Real Armería de Madrid / (Record no. 185836)
[ view plain ]
| 000 -LEADER | |
|---|---|
| campo de control de longitud fija | 00908nam a2200205 i 4500 |
| 001 - NÚMERO DE CONTROL | |
| campo de control | 185836 |
| 003 - IDENTIFICADOR DE NÚMERO DE CONTROL | |
| campo de control | ES-MaACL |
| 005 - FECHA Y HORA DE LA ÚLTIMA TRANSACCIÓN | |
| campo de control | 20240524063013.0 |
| 008 - DATOS DE LONGITUD FIJA--INFORMACIÓN GENERAL | |
| campo de control de longitud fija | 160816s1898 sp af c |||| | spa d |
| 100 1# - ENTRADA PRINCIPAL--NOMBRE DE PERSONA | |
| Nombre de persona | Crooke y Navarrot, Juan, |
| Títulos y otros términos asociados al nombre | Conde viudo de Valencia de Don Juan, |
| Fechas asociadas al nombre | 1839-1904 |
| 9 (RLIN) | 160478 |
| 245 10 - MENCIÓN DEL TÍTULO | |
| Título | Catálogo histórico-descriptivo de la Real Armería de Madrid / |
| Mención de responsabilidad, etc. | por el conde Vdo. de Valencia de Don Juan. |
| 260 ## - PUBLICACIÓN, DISTRIBUCIÓN, ETC. | |
| Lugar de publicación, distribución, etc. | Madrid : |
| Nombre del editor, distribuidor, etc. | Fototipias de Hauser y Menet, |
| Fecha de publicación, distribución, etc. | 1898 ( |
| Fabricante | Est. Tip. "Sucesores de Rivadeneyra") |
| 300 ## - DESCRIPCIÓN FÍSICA | |
| Extensión | XV, 447 p., XXVI h. de lám. : |
| Otras características físicas | il. ; |
| Dimensiones | 29 cm. |
| 530 ## - NOTA DISPONIBLE DE FORMULARIO FÍSICO ADICIONAL | |
| Nota de formato físico adicional disponible | Disponible en formato digital. |
| 610 24 - PUNTO DE ACCESO ADICIONAL DE MATERIA--NOMBRE DE ENTIDAD CORPORATIVA | |
| Nombre de entidad corporativa o nombre de jurisdicción como elemento de entrada | Real Armería de Madrid- |
| Subdivisión de forma | Catálogos. |
| 9 (RLIN) | 6102 |
| 710 2# - ENTRADA AGREGADA--NOMBRE DE ENTIDAD CORPORATIVA | |
| Nombre de entidad corporativa o nombre de jurisdicción como elemento de entrada | Hauser y Menet (Madrid) |
| 9 (RLIN) | 4558 |
| 852 ## - LOCALIZACIÓN | |
| Ubicación | ES-MaACL |
| Número de control de estantería | G-14565 |
| 856 ## - LOCALIZACIÓN Y ACCESO ELECTRÓNICOS | |
| Identificador Uniforme de Recursos | <a href="https://archive.org/details/catlogohistricod00real/page/n6/mode/2up">https://archive.org/details/catlogohistricod00real/page/n6/mode/2up</a> |
| Nota pública | Internet Archive |
| Estatus retirado | Estado de pérdida | Estado de daño | No para préstamo | Colección | Biblioteca de origen | Biblioteca actual | Ubicación en estantería | Fecha de adquisición | Fuente de adquisición | Total de préstamos | Signatura topográfica completa | Código de barras | Visto por última vez | Precio de reemplazo | Tipo de ítem Koha |
|---|---|---|---|---|---|---|---|---|---|---|---|---|---|---|---|
| Colección digital | Biblioteca del Ateneo de Madrid | Biblioteca del Ateneo de Madrid | Sala Pecera Planta 3 | 16/08/2016 | G-14565 | 1195895 | 23/02/2023 | 23/02/2023 | Libro impreso antiguo |
